Konštrukcie regulárnych grafov s priemerom 3 a obvodom 5

Uložené v:
Podrobná bibliografia
Hlavný autor: Čierťaský, Samuel (Autor)
Ďalší autori: Gyürki, Štefan (Vedúci práce)
Médium: Rukopis Kniha
Jazyk:Slovak
Vydavateľské údaje: 2024
Predmet:
On-line prístup:http://is.stuba.sk/zp/portal_zp.pl?podrobnosti=161784
Tagy: Pridať tag
Žiadne tagy, Buďte prvý, kto otaguje tento záznam!

MARC

LEADER 00000ntm a22000003a 4500
001 stuzp93615
003 SK-STU
005 20240629210711.6
007 ta
008 150427s2015----xo-----f-mn---000-0-slo-d
040 |a STU  |b slo 
041 0 |a slo 
100 1 |a Čierťaský, Samuel  |u 010220  |4 aut  |U SvF Stavebná fakulta  |T SvF Katedra matematiky a deskriptívnej geometrie  |X 110052  |U V220  |Y 23  |7 110052 
242 0 1 |a Constructions of regular graphs with diameter 3 and girth 5  |y eng 
245 1 0 |a Konštrukcie regulárnych grafov s priemerom 3 a obvodom 5 
260 |c 2024 
650 4 |a grupa  |2 slo 
650 4 |a Cayleyho graf  |2 slo 
650 4 |a priemer  |2 slo 
650 4 |a obvod  |2 slo 
650 4 |a graf  |2 slo 
650 4 |a graph  |2 eng 
650 4 |a group  |2 eng 
650 4 |a Cayley graph  |2 eng 
650 4 |a diameter  |2 eng 
650 4 |a girth  |2 eng 
700 1 |a Gyürki, Štefan  |u 010220  |k Z2  |4 ths  |U SvF Stavebná fakulta  |T SvF Katedra matematiky a deskriptívnej geometrie  |X 69077  |U V220  |Y 23  |7 A000069077 
856 4 |u http://is.stuba.sk/zp/portal_zp.pl?podrobnosti=161784